| 000 | 00498nam a2200169 a 4500 | ||
|---|---|---|---|
| 005 | 20140412111242.0 | ||
| 008 | 020412s19uu xx 00 eng d | ||
| 020 | _a1-85758-095-8 | ||
| 050 |
_aTR(GS 428 _bK32 1990 |
||
| 100 | _aLane, Shiela | ||
| 245 |
_aBack to basics English / _cShiela Lane and Marion Kemp. |
||
| 260 |
_aLondon : _bLetts Educational, _c1990. |
||
| 300 | _a32 p. ; ill. | ||
| 440 | _aLetts English, age 7-8, bk. 1 | ||
| 650 |
_aEnglish _xStudy and teaching |
||
| 999 |
_c102798 _d102798 |
||